Normal view
MARC view
- Editors R. Casalbuoni
Entry Personal Name
001 - CONTROL NUMBER
- control field: 10799
003 - CONTROL NUMBER IDENTIFIER
- control field: NUST
005 - DATE AND TIME OF LATEST TRANSACTION
- control field: 20180601080143.0
008 - FIXED-LENGTH DATA ELEMENTS
- fixed length control field: 180601|| aca||aabn | a|a d
040 ## - CATALOGING SOURCE
- Original cataloging agency: NUST
- Transcribing agency: NUST
100 ## - HEADING--PERSONAL NAME
- Personal name: Editors R. Casalbuoni
670 ## - SOURCE DATA FOUND
- Source citation: Work cat.: (NUST): Editors R. Casalbuoni, Path Integrals from peV to TeV, 1999
